|
|
|
|
| LEADER |
00000cam a2200000 a 4500 |
| 001 |
vtls008377599 |
| 003 |
SK-MaSNL |
| 005 |
20260331205135.0 |
| 008 |
230403s1950 xo ao 000 0 slo |
| 015 |
|
|
|a SNBA19451955-005010
|
| 035 |
|
|
|a SK01SNKBKSFS20020069816
|
| 035 |
|
|
|a urn:nbn:sk:snk-am3ho3w
|
| 035 |
|
|
|a 80F553C6-8BF4-469A-A1EB-A9C12285B0E0
|
| 035 |
|
|
|a urn:nbn:sk:snk-am00cvlb
|
| 035 |
|
|
|a SKM000072279
|
| 040 |
|
|
|a SNK
|b slo
|c SNK
|e AACR2
|
| 041 |
0 |
|
|a slo
|
| 043 |
|
|
|a e-xo
|
| 044 |
|
|
|a xo
|c SK
|
| 080 |
|
|
|a 72
|2 1981
|
| 100 |
1 |
|
|a Kálmán, Július,
|d 1911-1991
|4 com
|9 5317
|
| 245 |
1 |
0 |
|a Hrad
|c sostavil Július Kálmán s použitím snímok mestského fotoarchívu
|
| 250 |
|
|
|a 3. vyd.
|
| 260 |
|
|
|a Bratislava
|b Vedecké ústavy mesta
|c 1950
|e Bratislava
|f Práca
|
| 300 |
|
|
|a 24 s.
|b fotografie, ilustrácie, mapy
|c 15 cm
|
| 490 |
1 |
|
|a Pamiatky Bratislavy
|v č. 1
|
| 504 |
|
|
|a Bibliografické odkazy
|
| 610 |
2 |
7 |
|a Bratislavský hrad
|2 SNKKA
|9 63101
|
| 650 |
0 |
7 |
|a hrady
|2 SNKPH
|9 3039
|
| 651 |
|
7 |
|a Bratislava (Slovensko)
|2 SNKPH
|9 14568
|
| 655 |
|
7 |
|a brožúry
|2 SNKPH
|9 70146
|
| 830 |
|
0 |
|a Pamiatky Bratislavy
|9 279499
|
| 852 |
|
|
|a Slovenská národná knižnica
|
| 954 |
|
|
|a odborná, vedecká literatúra pôvodná (slovenská)
|2 lita
|
| 958 |
|
|
|a OND
|
| 958 |
|
|
|a SK
|
| 958 |
|
|
|a NB
|
| 958 |
|
|
|a EUIPO
|
| 999 |
|
|
|c 849848
|d 851778
|
| 952 |
|
|
|a SNK
|b SNK
|y PREZ
|7 0
|p 17A0721771
|o snkSE 3453/1
|i snkK 1344/63
|8 3
|0 0
|1 0
|4 0
|d 2018-04-03
|f 1
|l 0
|r 2026-02-24 04:38:28
|w 2026-02-24
|
| 952 |
|
|
|a SNK
|b SNK
|y VYP
|7 0
|p 17A1190292
|o snkSE 3453/1 D1
|i snkF 5676/63
|8 5
|0 0
|1 0
|4 0
|d 2018-06-21
|l 0
|r 2026-02-24 04:38:28
|w 2026-02-24
|
| 952 |
|
|
|a SNK
|b SNK
|y VYP
|7 0
|p 17A1190293
|o snkSE 3453/1 D2
|i snkF 2615/66
|8 5
|0 0
|1 0
|4 0
|d 2018-06-21
|l 0
|r 2026-02-24 04:38:28
|w 2026-02-24
|